| 000 | 00443nam a2200145Ia 4500 | ||
|---|---|---|---|
| 008 | 230917s9999||||xx |||||||||||||| ||und|| | ||
| 040 |
_e169547 _aMAIN |
||
| 041 | _aEnglish | ||
| 082 | _a891.4317109 MB896:CA | ||
| 100 | _aचक्रधर, अशोक | ||
| 245 | 0 | _aमुक्तिबोध की समीक्षाई | |
| 260 |
_aदिल्ली _bराधाकृष्ण _c1998 |
||
| 300 | _a176 पृ. p. | ||
| 942 | _cHN | ||
| 999 |
_c92314 _d92314 |
||